000 00238nam a22000977a 4500
003 SGT
245 _aASIAN JOURNAL OF PHARMACEUTICAL & CLINICAL RESEARCH
260 _aM.P
_bINNOVATIVE ACADENIC SCIENCE
_c2021
310 _a5-8
942 _2ddc
_cBV
999 _c29478
_d29478